Online Catalogue and eLibrary

Changing Perceptions: (Record no. 1559)

MARC details
000 -LEADER
fixed length control field 00456nam a2200181Ia 4500
005 - DATE AND TIME OF LATEST TRANSACTION
control field 20250108235115.0
008 - FIXED-LENGTH DATA ELEMENTS--GENERAL INFORMATION
fixed length control field 240331s9999 xx 000 0 und d
020 ## - INTERNATIONAL STANDARD BOOK NUMBER
ISBN 0855981377
082 ## - DDC Classification
Item Number - Author Mark TIN
DDC Edition Number 3855
Class No. 305.3
245 #0 - TITLE STATEMENT
Title Changing Perceptions:
Remainder of title Writing on Gender and Development
260 ## - PUBLICATION, DISTRIBUTION, ETC.
Place of publication, distribution, etc. Oxford
Name of publisher, distributor, etc. Oxfam
Date of publication, distribution, etc. 1991
300 ## - PHYSICAL DESCRIPTION
Extent (e.g. Volumes, Pages etc.) xi, 324 p.,
650 ## - SUBJECT ADDED ENTRY--TOPICAL TERM
Topical term or geographic name entry element Gender
650 ## - SUBJECT ADDED ENTRY--TOPICAL TERM
Topical term or geographic name entry element Development
650 ## - SUBJECT ADDED ENTRY--TOPICAL TERM
Topical term or geographic name entry element Women
700 ## - ADDED ENTRY--PERSONAL NAME
Personal name Wallace, T
Relator term (Role) Editor
942 ## - Koha item type (Biblio)
Koha item type Books in Stacks (Lending)
Holdings
Lost status Damaged status Collection code Home library Current library Shelving location Date acquired Full call number Accession Number Item type
    Lending WERC Library WERC Library Social Science Cupboard 03/31/2024 305.3 CHA 3855 Books in Stacks (Lending)

© WERC Library